000
00217nam a2200085Ia 4500
245
0
_a
Bronx justice
100
_a
Teller, Joseph Ontario, 2009
_9
78690
942
_c
BK
008
210817s9999 xx 000 0 und d
999
_c
272432
_d
272431